Personalities in Love: (Record no. 87735)

MARC details
000 -LEADER
fixed length control field 00684nam a22001937a 4500
005 - DATE AND TIME OF LATEST TRANSACTION
control field 20140808153256.0
010 ## - LCCN (DPL NO)
LC control number B-506442-449
020 ## - INTERNATIONAL STANDARD BOOK NUMBER
International Standard Book Number 9789380828954
Terms of availability 245.00
035 ## - SYSTEM CONTROL NUMBER
System control number B-506442-449
037 ## - SOURCE OF ACQUISITION
Stock number dpl
Source of stock number/acquisition KBD
082 ## - DEWEY DECIMAL CLASSIFICATION NUMBER
Classification number 646.77
100 ## - MAIN ENTRY--PERSONAL NAME
Personal name Partow, Donna
245 ## - TITLE STATEMENT
Title Personalities in Love:
Statement of responsibility, etc by Donna Partow
Remainder of title understanding yourself and your partner in life /
260 ## - PUBLICATION, DISTRIBUTION, ETC. (IMPRINT)
Place of publication, distribution, etc New Delhi
Name of publisher, distributor, etc Vitasta Publishing Pvt. Ltd.
Date of publication, distribution, etc 2013
270 ## - ADDRESS
Address 2/15, Ansari Road, Daryaganj
City New Delhi
Postal code 110002
300 ## - PHYSICAL DESCRIPTION
Extent 213p.
Dimensions 20cm(pbk)
942 ## - ADDED ENTRY ELEMENTS (KOHA)
Source of classification or shelving scheme Dewey Decimal Classification
Item type English Books
Classification part 646.77
Call number suffix PAR
Holdings
Withdrawn status Lost status Not for loan Collection code Home library Current library Date acquired Source of acquisition Cost, normal purchase price Full call number Barcode Copy number Cost, replacement price Koha item type
      Non-fiction Andrews Gunj Andrews Gunj 08/08/2014 KBD/BL22/19.03.2013/171/19.03.2013/22.03.2013 245.00 646.77 PAR B-506447 1 245.00 English Books
      Non-fiction Janak Puri Janak Puri 08/08/2014 KBD/BL22/19.03.2013/171/19.03.2013/22.03.2013 245.00 646.77 PAR B-506443 1 245.00 English Books
      Non-fiction Patel Nagar Patel Nagar 08/08/2014 KBD/BL22/19.03.2013/171/19.03.2013/22.03.2013 245.00 646.77 PAR B-506442 1 245.00 English Books
      Non-fiction R.K.Puram-8 R.K.Puram-8 08/08/2014 KBD/BL22/19.03.2013/171/19.03.2013/22.03.2013 245.00 646.77 PAR B-506446 1 245.00 English Books
      Non-fiction Sarojini Nagar Sarojini Nagar 08/08/2014 KBD/BL22/19.03.2013/171/19.03.2013/22.03.2013 245.00 646.77 PAR B-506444 2 245.00 English Books
      Non-fiction Sarojini Nagar Sarojini Nagar 08/08/2014 KBD/BL22/19.03.2013/171/19.03.2013/22.03.2013 245.00 646.77 PAR B-506445 2 245.00 English Books
      Non-fiction Sarojini Nagar Sarojini Nagar 08/08/2014 KBD/BL22/19.03.2013/171/19.03.2013/22.03.2013 245.00 646.77 PAR B-506448 1 245.00 English Books
      Non-fiction Vinoba Puri Vinoba Puri 08/08/2014 KBD/BL22/19.03.2013/171/19.03.2013/22.03.2013 245.00 646.77 PAR B-506449 1 245.00 English Books

© Delhi Public Library
Hit Counter
free hit counter